| 000 | 00491nam a2200133Ia 4500 | ||
|---|---|---|---|
| 008 | 220216s9999 xx 000 0 und d | ||
| 100 | _aJacob J.[a] | ||
| 245 | 0 | _aRubber tree, man and environment | |
| 260 |
_bIn: Natural rubber: Agromanagement and crop processing. (Eds. P.J. George and C. Kuruvilla Jacob). Rubber Research Institute of India, Kottayam, India, pp. 599-610. _c2000 |
||
| 650 | _aEcofriendliness | ||
| 650 | _aEnergy plantation | ||
| 650 | _aRubber plantation | ||
| 942 | _cBS | ||
| 999 |
_c52490 _d52490 |
||